1402 1271 1841 1250 1503 1006 1561 1092 1097 1759 1459 1820 1636 1463 1043 1827 1719 1752 1544 1565 1157 1641 1053 1660 1630 1335 1626 1912 1661 1095 1548 1151 1020 1827 1905 1613 1965 1780 1988 1168 1860 1707 1659 1748 1993 1024 1766 1808 1078 1352 1026 1045 1218 1007 1265 1824 1680 1611 1148 1658 1201 1682 1858 1754 1123 1919 1069 1139 1790 1494 1323 1181 1848 1341 1149 1137 1681 1318 1308 1474 1176 1581 1357 1534 1868 1203 1346 1193 1175 1190 1533 1676 1147 1751 1064 1887 1617 1488 1187 BCNSPRNW ULIB Ver.6.0+V

เปลี่ยนเป็นภาษาไทย

Change to English
 แสดงรายละเอียดบรรณานุกรม
  กลับหน้าหลัก

Brief Record : Get Marc (ISO 2709) : E-mail record : QR code < ปิดหน้าต่าง
LEADER : 00000nam 2200000uu 4500
001    13399121440
003     ULIB
008    110913s2552||||th 000 0 tha d
020    9786110300537
090    รส.^bส281ห
245 00 หนึ่งร้อยเรื่องเล่าขาน :^bนิทานอีสปสอนธรรมเทียบพุทธศาสนสุภาษิตสำหรับเด็กและเยาวชนฉบับ คบคนเช่นไร เป็นคนเช่นนั้น /^cสถาบันบันลือธรรม
246 30 นิทานอีสปสอนธรรมเทียบพุทธศาสนสุภาษิตสำหรับเด็กและเยาวชนฉบับ คบคนเช่นไร เป็นคนเช่นนั้น
246 30 คบคนเช่นไร เป็นคนเช่นนั้น
246 37 อีสปสอนธรรม
246 38 นิทานอีสปสอนธรรมฉบับ คบคนเช่นไร เป็นคนเช่นนั้น
260    กรุงเทพฯ :^bธรรมสภา,^c[2552?]
300    211 หน้า :^bภาพประกอบ ;^c21 ซม.
650  4 นิทานธรรมะ
650  4 นิทานคติธรรม
650  4 พุทธภาษิต
710 2  สถาบันบันลือธรรม
945    ^p99^l0^i15821
995    กัณชพร
999    ^aใช้งานได้ทุกระบบ
รายการนี้ยังไม่มีแท็ก
คุณยังไม่ได้ล็อกอิน คุณสามารถมีกิจกรรมร่วมกับเว็บไซต์ได้ แต่ต้องล็อกอินก่อน ::
  ล็อกอิน

รายการสื่อสารสนเทศ

ลำดับที่ ประเภท เลขเรียก/บาร์โค้ด สถานที่ สถานะ
1. นวนิยาย
นวนิยาย
รส. ส281ห ฉ.1 
  Barcode: 15821
ห้องสมุดวิทยาเขตสวรรค์ประชารักษ์
►นวนิยาย
บนชั้น
  ขอยืม

รายการใกล้เคียง
    หัวเรื่อง [นิทานธรรมะ]
    หัวเรื่อง [นิทานคติธรรม]
    หัวเรื่อง [พุทธภาษิต]

BibComment


ยังไม่เคยถูกคอมเมนท์

คอมเมนท์ทรัพยากรรายการนี้
  คอมเมนท์: หนึ่งร้อยเรื่องเล..


 Copyright 2026. Bcnsprnw @Library